Municipios de Guipúzcoa - Estadísticas

Estadísticas generales
  • Esta prueba ha sido intentada 6 veces
  • La puntuación promedio es 67 de 88
Estadísticas de respuestas
Municipio % Correcto
Abaltzisketa
100%
Aia
100%
Amasa-Villabona
100%
Amezketa
100%
Andoain
100%
Anoeta
100%
Arrasate
100%
Azkoitia
100%
Azpeitia
100%
Beasain
100%
Deba
100%
Donostia
100%
Eibar
100%
Errenteria
100%
Getaria
100%
Hernani
100%
Hondarribia
100%
Idiazabal
100%
Ikaztegieta
100%
Irun
100%
Legazpi
100%
Lezo
100%
Oiartzun
100%
Oñati
100%
Ordizia
100%
Orio
100%
Pasaia
100%
Segura
100%
Tolosa
100%
Urnieta
100%
Urretxu
100%
Zarautz
100%
Zegama
100%
Zizurkil
100%
Zumaia
100%
Zumarraga
100%
Alegia
75%
Altzaga
75%
Arama
75%
Asteasu
75%
Astigarraga
75%
Ataun
75%
Baliarrain
75%
Bergara
75%
Elgoibar
75%
Ezkio-Itsaso
75%
Gabiria
75%
Gaintza
75%
Ibarra
75%
Irura
75%
Itsasondo
75%
Lasarte-Oria
75%
Lazkao
75%
Legorreta
75%
Mutriku
75%
Ormaiztegi
75%
Usurbil
75%
Zaldibia
75%
Aduna
50%
Albiztur
50%
Alkiza
50%
Altzo
50%
Antzuola
50%
Aretxabaleta
50%
Beizama
50%
Belauntza
50%
Berastegi
50%
Berrobi
50%
Bidania-Goiatz
50%
Elduain
50%
Elgeta
50%
Errezil
50%
Gaztelu
50%
Hernialde
50%
Larraul
50%
Leintz-Gatzaga
50%
Lizartza
50%
Mutiloa
50%
Olaberria
50%
Orendain
50%
Orexa
50%
Soraluze
50%
Zerain
50%
Zestoa
50%
Aizarnazabal
25%
Eskoriatza
25%
Leaburu-Txarama
25%
Mendaro
25%
No se encontraron pruebas coincidentes
Distribución de puntuación
Porcentaje de gente con cada puntuación
Porcentaje por número respondido
Historial de tus puntuaciones
No has intentado esta prueba.